| 000 | 00526nam a2200181 i 4500 | ||
|---|---|---|---|
| 001 | 136427 | ||
| 003 | ES-MaACL | ||
| 005 | 20240314063028.0 | ||
| 007 | t| | ||
| 008 | 070214s1981 sp |||| | spa d | ||
| 100 | 1 |
_aSade, _cmarquis de, _d1740-1814 _9101276 |
|
| 245 | 1 | 0 |
_aAline y Valcour / _cMarquis de Sade ; traducción de Sofía Noguera. |
| 260 |
_aBarcelona : _bA.T.E, _c1981. |
||
| 300 |
_a405 p. ; _c19 cm. |
||
| 700 | 1 |
_aNoguera, Sofía. _985870 |
|
| 852 |
_aES-MaACL _jL-1064 |
||
| 999 |
_c136427 _d136427 |
||